[Event "Budapest FS06 Nadassy"]
[Site "Budapest"]
[Date "2018.06.11"]
[Round "9"]
[White "Eperjesi, Laszlo"]
[Black "Kansal, Evrim"]
[Result "0-1"]
[WhiteElo "2085"]
[BlackElo "2002"]
[PlyCount "82"]
[EventDate "2018.06.02"]
[EventType "schev"]
[EventRounds "10"]
[EventCountry "HUN"]
[SourceTitle "CBM 184 Extra"]
[Source "ChessBase"]
[SourceDate "2018.06.28"]
[SourceVersion "1"]
[SourceVersionDate "2018.06.28"]
[SourceQuality "1"]
[WhiteTeam "Higher Elo"]
[BlackTeam "Lower Elo"]
[WhiteTeamCountry "HUN"]
[BlackTeamCountry "HUN"]

1. d4 d5 2. Nf3 Nf6 3. c4 e6 4. g3 Be7 5. Bg2 0-0 6. 0-0 dxc4 7. Qc2 b5 8. a4 b4 9. Ne5 Nd5 10. Nxc4 Bb7 11. Rd1 Qc8 12. a5 Na6 13. e4 Nf6 14. Bf4 Rd8 15. Qe2 c5 16. e5 Nd5 17. Bc1 cxd4 18. Rxd4 Nc5 19. Nbd2 Bf8 20. Qg4 Qc7 21. h4 Rac8 22. Bf1 Kh8 23. h5 f5 24. Qd1 Nd7 25. a6 Ba8 26. Qe2 Bc5 27. Rh4 Be7 28. Rd4 Nc5 29. Kh2 Rf8 30. f4 Rfd8 31. g4 Rf8 32. g5 Rfd8 33. Bg2 Kg8 34. g6 h6 35. Nd6 Bxd6 36. exd6 Qxd6 37. Nc4 Qe7 38. Bd2 Nb3 39. Rxd5 Bxd5 40. Bxd5 Rxd5 41. Bxb4 Qh4+ 0-1

[Event "Budapest FS06 Nadassy"]
[Site "Budapest"]
[Date "2018.06.08"]
[Round "6"]
[White "Kansal, Evrim"]
[Black "Juracsik, Jozsef"]
[Result "1-0"]
[WhiteElo "2002"]
[BlackElo "2096"]
[PlyCount "119"]
[EventDate "2018.06.02"]
[EventType "schev"]
[EventRounds "10"]
[EventCountry "HUN"]
[SourceTitle "CBM 184 Extra"]
[Source "ChessBase"]
[SourceDate "2018.06.28"]
[SourceVersion "1"]
[SourceVersionDate "2018.06.28"]
[SourceQuality "1"]
[WhiteTeam "Lower Elo"]
[BlackTeam "Higher Elo"]
[WhiteTeamCountry "HUN"]
[BlackTeamCountry "HUN"]

1. e4 c5 2. Nf3 Nc6 3. d4 cxd4 4. Nxd4 Nf6 5. Nc3 d6 6. Bg5 e6 7. Qd2 a6 8. 0-0-0 Qb6 9. Nb3 Qc7 10. f4 Be7 11. g4 0-0 12. Bg2 Rd8 13. h4 b5 14. h5 Bb7 15. h6 g6 16. a3 Rac8 17. Kb1 b4 18. axb4 Nxb4 19. Bf3 d5 20. exd5 Nbxd5 21. Nxd5 Bxd5 22. Bxd5 Rxd5 23. Qe2 Rb5 24. Rhf1 Qb7 25. f5 exf5 26. gxf5 gxf5 27. Rde1 Kf8 28. Qxe7+ Qxe7 29. Rxe7 Kxe7 30. Re1+ Kd7 31. Bxf6 Re8 32. Rd1+ Kc8 33. Nd4 Rb6 34. Bg7 f4 35. c4 Rd6 36. Kc2 Re4 37. Kc3 Re3+ 38. Rd3 Re1 39. c5 Rc1+ 40. Kd2 Rxc5 41. Bf8 Rcd5 42. Bxd6 Rxd6 43. Nf5 Rf6 44. Rd5 Kc7 45. b4 Kc6 46. Ra5 Kb6 47. Re5 Kc7 48. Kd3 Kd8 49. Ke4 Rb6 50. Rd5+ Kc7 51. Rd4 Rb5 52. Kxf4 a5 53. bxa5 Rxa5 54. Re4 Kd8 55. Nd6 Ra7 56. Kf5 Rc7 57. Kf6 Rc6 58. Rd4 Kd7 59. Kg7 Ke6 60. Nxf7 1-0

[Event "Budapest FS06 Nadassy"]
[Site "Budapest"]
[Date "2018.06.05"]
[Round "4"]
[White "Kansal, Evrim"]
[Black "Eperjesi, Laszlo"]
[Result "0-1"]
[WhiteElo "2002"]
[BlackElo "2085"]
[PlyCount "36"]
[EventDate "2018.06.02"]
[EventType "schev"]
[EventRounds "10"]
[EventCountry "HUN"]
[SourceTitle "CBM 184 Extra"]
[Source "ChessBase"]
[SourceDate "2018.06.28"]
[SourceVersion "1"]
[SourceVersionDate "2018.06.28"]
[SourceQuality "1"]
[WhiteTeam "Lower Elo"]
[BlackTeam "Higher Elo"]
[WhiteTeamCountry "HUN"]
[BlackTeamCountry "HUN"]

1. e4 c6 2. c4 d5 3. exd5 cxd5 4. cxd5 Nf6 5. Qa4+ Nbd7 6. Nc3 a6 7. Nf3 g6 8. Bc4 Bg7 9. d3 0-0 10. Qa3 Nb6 11. Qb3 Qc7 12. Be3 Nbd7 13. a4 Ng4 14. 0-0 Nde5 15. Nxe5 Qxe5 16. g3 Nxe3 17. Rae1 Bh6 18. f4 Qd4 0-1

[Event "Budapest FS06 Nadassy"]
[Site "Budapest"]
[Date "2018.06.02"]
[Round "1"]
[White "Juracsik, Jozsef"]
[Black "Kansal, Evrim"]
[Result "1-0"]
[WhiteElo "2096"]
[BlackElo "2002"]
[PlyCount "67"]
[EventDate "2018.06.02"]
[EventType "schev"]
[EventRounds "10"]
[EventCountry "HUN"]
[SourceTitle "CBM 184 Extra"]
[Source "ChessBase"]
[SourceDate "2018.06.28"]
[SourceVersion "1"]
[SourceVersionDate "2018.06.28"]
[SourceQuality "1"]
[WhiteTeam "Higher Elo"]
[BlackTeam "Lower Elo"]
[WhiteTeamCountry "HUN"]
[BlackTeamCountry "HUN"]

1. e4 c5 2. Nf3 Nc6 3. b3 e5 4. Bb2 d6 5. Bb5 Nf6 6. Bxc6+ bxc6 7. Qe2 Be7 8. h3 0-0 9. d3 h6 10. Nbd2 Nh7 11. g4 Ng5 12. Nxg5 Bxg5 13. 0-0-0 a5 14. a4 Be6 15. Kb1 Re8 16. Nf3 Bf4 17. Rhg1 Rb8 18. h4 Rb4 19. g5 Qb6 20. Nd2 d5 21. gxh6 Bxh6 22. exd5 cxd5 23. Qxe5 Rd4 24. Bxd4 cxd4 25. Nf3 Bd7 26. Qxd4 Qd6 27. Rde1 Rb8 28. Ng5 Qa3 29. Qe5 Qb4 30. Qxd5 Qxa4 31. Qxf7+ Kh8 32. Re8+ Rxe8 33. Qxe8+ Bxe8 34. bxa4 1-0

[Event "TUR Cup										"]
[Site "Antalya"]
[Date "2018.01.31"]
[Round "7"]
[White "Karaokcu, Erkin"]
[Black "Kansal, Evrim"]
[Result "1/2-1/2"]
[WhiteElo "2215"]
[BlackElo "1991"]
[PlyCount "62"]
[EventDate "2018.01.27"]
[EventType "swiss"]
[EventRounds "11"]
[EventCountry "TUR"]
[SourceTitle "CBM 182 Extra"]
[Source "ChessBase"]
[SourceDate "2018.02.23"]
[SourceVersion "1"]
[SourceVersionDate "2018.02.23"]
[SourceQuality "1"]

1. c4 Nf6 2. Nc3 e6 3. e4 e5 4. Nf3 Nc6 5. d4 exd4 6. Nxd4 Bb4 7. Nxc6 bxc6 8. Bd3 0-0 9. 0-0 d6 10. Bg5 h6 11. Bh4 Re8 12. f4 Qe7 13. Qf3 Bg4 14. Qg3 Bd7 15. e5 dxe5 16. fxe5 Qxe5 17. Bxf6 Qxg3 18. hxg3 Bc5+ 19. Kh2 gxf6 20. Ne4 Re5 21. Nxc5 Rxc5 22. Rxf6 Kg7 23. Raf1 Be6 24. b3 Rd8 25. R6f3 Ra5 26. R1f2 Rd4 27. Bf5 Rd7 28. g4 Re5 29. Bxe6 fxe6 30. Rf8 Re7 31. Ra8 Ra5 1/2-1/2

[Event "TUR Cup										"]
[Site "Antalya"]
[Date "2018.01.30"]
[Round "5"]
[White "Bayindir, Kuzey"]
[Black "Kansal, Evrim"]
[Result "0-1"]
[WhiteElo "1651"]
[BlackElo "1991"]
[PlyCount "76"]
[EventDate "2018.01.27"]
[EventType "swiss"]
[EventRounds "11"]
[EventCountry "TUR"]
[SourceTitle "CBM 182 Extra"]
[Source "ChessBase"]
[SourceDate "2018.02.23"]
[SourceVersion "1"]
[SourceVersionDate "2018.02.23"]
[SourceQuality "1"]

1. e4 c5 2. Nc3 Nc6 3. f4 d6 4. d3 g6 5. g3 Bg7 6. Bg2 e6 7. Be3 Nge7 8. Nge2 0-0 9. 0-0 b6 10. g4 d5 11. Bf2 dxe4 12. dxe4 Ba6 13. e5 Rc8 14. Bh4 Nd4 15. Rf2 Nxe2+ 16. Nxe2 Qc7 17. Qd6 Nc6 18. c3 h6 19. Qxc6 Qxc6 20. Bxc6 Rxc6 21. Be7 Re8 22. Bd6 Rd8 23. Ng3 Bc4 24. b3 Bd3 25. Rd1 c4 26. b4 Rcxd6 27. exd6 Bxc3 28. Rf3 Bxb4 29. d7 Bc5+ 30. Kg2 Rxd7 31. Ne4 Bxe4 32. Rxd7 c3 33. Rd1 Be3 34. Rd8+ Kg7 35. Rc8 Bc5 36. Kf1 Bxf3 37. Ke1 c2 38. Kd2 Be4 0-1

[Event "TUR Cup										"]
[Site "Antalya"]
[Date "2018.01.29"]
[Round "4"]
[White "Kansal, Evrim"]
[Black "Ucucu, Salih"]
[Result "1-0"]
[WhiteElo "1991"]
[BlackElo "1739"]
[PlyCount "83"]
[EventDate "2018.01.27"]
[EventType "swiss"]
[EventRounds "11"]
[EventCountry "TUR"]
[SourceTitle "CBM 182 Extra"]
[Source "ChessBase"]
[SourceDate "2018.02.23"]
[SourceVersion "1"]
[SourceVersionDate "2018.02.23"]
[SourceQuality "1"]

1. d4 Nf6 2. c4 e6 3. Nc3 Bb4 4. e3 0-0 5. Nge2 b6 6. a3 Be7 7. Nf4 Bb7 8. Bd3 d6 9. 0-0 Nbd7 10. b4 e5 11. Nh5 Nxh5 12. Qxh5 g6 13. Qe2 Bf6 14. Ne4 Bg7 15. Bb2 f5 16. Nd2 Re8 17. Nb3 Qg5 18. d5 e4 19. Bxg7 exd3 20. Qb2 Qe7 21. Bd4 b5 22. Na5 Ba6 23. cxb5 Bxb5 24. a4 Ba6 25. b5 Bc8 26. Qc3 Nb6 27. Nc6 Qf7 28. Bxb6 axb6 29. Qxd3 f4 30. e4 g5 31. Rfe1 Bd7 32. Nb4 Ra7 33. Na6 Bc8 34. a5 Bxa6 35. bxa6 bxa5 36. Rxa5 g4 37. Qd4 Rea8 38. Rb1 Qe8 39. Qf6 Qxe4 40. Qa1 Rxa6 41. Rxa6 Rxa6 42. Rb8+ 1-0

[Event "TUR Cup										"]
[Site "Antalya"]
[Date "2018.01.28"]
[Round "3"]
[White "Ererdem, Gani Eren"]
[Black "Kansal, Evrim"]
[Result "1-0"]
[WhiteElo "2199"]
[BlackElo "1991"]
[PlyCount "69"]
[EventDate "2018.01.27"]
[EventType "swiss"]
[EventRounds "11"]
[EventCountry "TUR"]
[SourceTitle "CBM 182 Extra"]
[Source "ChessBase"]
[SourceDate "2018.02.23"]
[SourceVersion "1"]
[SourceVersionDate "2018.02.23"]
[SourceQuality "1"]

1. d4 d5 2. Nf3 Nf6 3. g3 e6 4. Bg2 Be7 5. 0-0 0-0 6. c4 dxc4 7. Qc2 b5 8. a4 b4 9. Nbd2 Bb7 10. Qxc4 Nbd7 11. Ne5 Bxg2 12. Kxg2 Nxe5 13. dxe5 Nd7 14. f4 a5 15. e4 c5 16. Qe2 Nb6 17. Nc4 Nxc4 18. Qxc4 Qd4 19. Qxd4 cxd4 20. Bd2 Rac8 21. Rfc1 f6 22. exf6 gxf6 23. Kf3 d3 24. Rxc8 Rxc8 25. Rc1 Rc2 26. Rxc2 dxc2 27. Ke3 Kf8 28. Kd3 Ke8 29. Kxc2 f5 30. Kd3 Kd7 31. Be3 Kc6 32. b3 h5 33. Bd4 Bd8 34. Ke3 Bc7 35. Kf3 1-0

[Event "TUR Cup										"]
[Site "Antalya"]
[Date "2018.01.28"]
[Round "2"]
[White "Kansal, Evrim"]
[Black "Gunay, Mehmet Eren"]
[Result "1-0"]
[WhiteElo "1991"]
[BlackElo "1739"]
[PlyCount "93"]
[EventDate "2018.01.27"]
[EventType "swiss"]
[EventRounds "11"]
[EventCountry "TUR"]
[SourceTitle "CBM 182 Extra"]
[Source "ChessBase"]
[SourceDate "2018.02.23"]
[SourceVersion "1"]
[SourceVersionDate "2018.02.23"]
[SourceQuality "1"]

1. e4 c5 2. c3 Nf6 3. e5 Nd5 4. Nf3 Nc6 5. Bc4 e6 6. 0-0 d6 7. d4 cxd4 8. cxd4 dxe5 9. dxe5 Be7 10. Qe2 0-0 11. Re1 Qc7 12. Bg5 Nxe5 13. Qxe5 Qxc4 14. Bxe7 Nxe7 15. Na3 Qd5 16. Qc7 Qd7 17. Qc4 a6 18. Ne5 Qd5 19. Qc7 Qd8 20. Qc2 f6 21. Rad1 Nd5 22. Ng4 Bd7 23. Nc4 Qc7 24. Qb3 b5 25. Nce3 Bc6 26. Rc1 Qb7 27. Nc2 Nf4 28. Qg3 e5 29. Nce3 Bd7 30. Rcd1 Be6 31. Nh6+ Kh8 32. Nhf5 g6 33. Nd6 Qc6 34. Qh4 Kg7 35. f3 Rad8 36. Ne4 Rxd1 37. Rxd1 g5 38. Qf2 h6 39. b4 f5 40. Nc5 e4 41. Qb2+ Kg6 42. Qe5 exf3 43. Rd6 Qc8 44. g3 Nh3+ 45. Kf1 Rf6 46. Rxe6 Rxe6 47. Qxf5+ 1-0

[Event "Arad op 10th"]
[Site "Arad"]
[Date "2017.08.13"]
[Round "9"]
[White "Toma, Radu Cristian"]
[Black "Kansal, Evrim"]
[Result "1-0"]
[WhiteElo "2377"]
[BlackElo "1929"]
[PlyCount "49"]
[EventDate "2017.08.06"]
[EventType "swiss"]
[EventRounds "9"]
[EventCountry "ROU"]
[SourceTitle "CBM 179 Extra"]
[Source "ChessBase"]
[SourceDate "2017.08.23"]
[SourceVersion "1"]
[SourceVersionDate "2017.08.23"]
[SourceQuality "1"]

1. d4 d5 2. Nf3 Nf6 3. e3 e6 4. Bd3 Be7 5. c4 0-0 6. 0-0 c5 7. a3 b6 8. cxd5 exd5 9. b3 Bb7 10. Bb2 Nc6 11. Nbd2 Rc8 12. Rc1 Re8 13. Bf5 Rc7 14. Qc2 g6 15. Bd3 Rc8 16. Qb1 cxd4 17. Nxd4 Bd6 18. Nxc6 Rxc6 19. Bb5 Rxc1 20. Rxc1 Re6 21. Qd3 Bb8 22. Nf3 Qd6 23. Ba6 Bc6 24. g3 Re4 25. Qc3 1-0

[Event "Arad op 10th"]
[Site "Arad"]
[Date "2017.08.10"]
[Round "6"]
[White "Kansal, Evrim"]
[Black "Pop, Alexandru"]
[Result "1/2-1/2"]
[WhiteElo "1929"]
[BlackElo "2300"]
[PlyCount "131"]
[EventDate "2017.08.06"]
[EventType "swiss"]
[EventRounds "9"]
[EventCountry "ROU"]
[SourceTitle "CBM 179 Extra"]
[Source "ChessBase"]
[SourceDate "2017.08.23"]
[SourceVersion "1"]
[SourceVersionDate "2017.08.23"]
[SourceQuality "1"]

1. e4 d6 2. d4 Nf6 3. Nc3 g6 4. Bg5 Bg7 5. Qd2 h6 6. Bh4 c6 7. 0-0-0 b5 8. f3 Qc7 9. e5 dxe5 10. dxe5 Nh7 11. f4 0-0 12. Nf3 a5 13. a4 b4 14. Ne4 Be6 15. Nc5 Bd5 16. Bd3 Re8 17. Rhe1 Nf8 18. Qe3 Nbd7 19. Nxd7 Nxd7 20. g4 e6 21. Bg3 Qb6 22. Qe2 Nc5 23. b3 Nxd3+ 24. Qxd3 c5 25. Nd2 Qc6 26. Nc4 Bf3 27. Qd7 Bf8 28. h3 Qa6 29. Rd2 Bd5 30. Ne3 Red8 31. Qb5 Qxb5 32. axb5 a4 33. Red1 axb3 34. cxb3 Rdc8 35. Nxd5 exd5 36. Rxd5 c4 37. bxc4 Rxc4+ 38. Kb2 Rac8 39. R1d2 b3 40. R5d3 Rc2+ 41. Kxb3 R2c4 42. Kb2 Kg7 43. f5 Bb4 44. Re2 Bc3+ 45. Rxc3 Rxc3 46. Bf2 gxf5 47. gxf5 Rf3 48. Ba7 Rxf5 49. b6 Rc5 50. Ka3 Rf4 51. Re3 Ra5+ 52. Kb3 Rb5+ 53. Kc2 Rfb4 54. Kd3 Rb1 55. Ke4 Kf8 56. Rc3 R1b4+ 57. Kf5 Rb3 58. Rxb3 Rxb3 59. e6 Ke7 60. exf7 Kxf7 61. Ke5 Ke7 62. Kf5 Kd7 63. Kg6 Kc8 64. h4 Kb7 65. Kxh6 Rg3 66. h5 1/2-1/2

[Event "TUR-chT2"]
[Site "Konya"]
[Date "2017.07.14"]
[Round "8.16"]
[White "Yatkin, Osman"]
[Black "Kansal, Evrim"]
[Result "0-1"]
[WhiteElo "1744"]
[BlackElo "1893"]
[PlyCount "59"]
[EventDate "2017.07.09"]
[EventType "team-swiss"]
[EventRounds "9"]
[EventCountry "TUR"]
[SourceTitle "CBM 179 Extra"]
[Source "ChessBase"]
[SourceDate "2017.08.23"]
[SourceVersion "1"]
[SourceVersionDate "2017.08.23"]
[SourceQuality "1"]
[WhiteTeam "Koycegiz Su Sporlari"]
[BlackTeam "Dumlupinar Turk"]
[WhiteTeamCountry "TUR"]
[BlackTeamCountry "TUR"]

1. d4 Nf6 2. Nf3 e6 3. g3 c5 4. Bg2 Nc6 5. 0-0 d5 6. b3 cxd4 7. Nxd4 Bd6 8. Bb2 0-0 9. Nxc6 bxc6 10. c4 Qe7 11. e4 Nxe4 12. Bxe4 dxe4 13. Nc3 f5 14. Qe2 c5 15. Rad1 Bb7 16. Nb5 Bb8 17. Qd2 Bc6 18. Rfe1 a6 19. Nd6 Bc7 20. Ba3 e5 21. Bxc5 Qe6 22. Ba3 Rf6 23. c5 Rh6 24. Qe2 f4 25. Bc1 e3 26. f3 fxg3 27. hxg3 Rf8 28. Bxe3 Bxf3 29. Qc4 Rh1+ 30. Kf2 0-1

[Event "TUR-chT2"]
[Site "Konya"]
[Date "2017.07.13"]
[Round "7.22"]
[White "Subasi, Zeki"]
[Black "Kansal, Evrim"]
[Result "0-1"]
[WhiteElo "1707"]
[BlackElo "1893"]
[PlyCount "62"]
[EventDate "2017.07.09"]
[EventType "team-swiss"]
[EventRounds "9"]
[EventCountry "TUR"]
[SourceTitle "CBM 179 Extra"]
[Source "ChessBase"]
[SourceDate "2017.08.23"]
[SourceVersion "1"]
[SourceVersionDate "2017.08.23"]
[SourceQuality "1"]
[WhiteTeam "Genclik Sivas Analiz"]
[BlackTeam "Dumlupinar Turk"]
[WhiteTeamCountry "TUR"]
[BlackTeamCountry "TUR"]

1. e4 c5 2. Nf3 Nc6 3. d4 cxd4 4. Nxd4 g6 5. Be3 Bg7 6. Nc3 Nf6 7. f3 0-0 8. Bc4 Qb6 9. Bb3 Nxe4 10. fxe4 Bxd4 11. Nd5 Qa5+ 12. Bd2 Qc5 13. Qf3 Bxb2 14. Rd1 d6 15. c3 Be6 16. Rb1 Bxd5 17. Bxd5 Ne5 18. Qg3 Ba3 19. Rxb7 e6 20. Bb3 Qc6 21. Re7 Qxe4+ 22. Qe3 Qb1+ 23. Bd1 Bc5 24. Qh3 Nd3+ 25. Ke2 Nf2 26. Qh6 Qd3+ 27. Ke1 Nxh1 28. Bb3 Rab8 29. h4 Ng3 30. Kd1 Nf5 31. Qg5 Ne3+ 0-1

[Event "TUR Cup"]
[Site "Antalya"]
[Date "2017.02.02"]
[Round "9"]
[White "Kansal, Evrim"]
[Black "Gunduz, Umut Erdem"]
[Result "1/2-1/2"]
[WhiteElo "1877"]
[BlackElo "1975"]
[PlyCount "30"]
[EventDate "2017.01.28"]
[EventType "swiss"]
[EventRounds "11"]
[EventCountry "TUR"]
[SourceTitle "CBM 176 Extra"]
[Source "ChessBase"]
[SourceDate "2017.03.02"]
[SourceVersion "1"]
[SourceVersionDate "2017.03.02"]
[SourceQuality "1"]

1. e4 e5 2. Nf3 Qe7 3. Bc4 h6 4. 0-0 Nf6 5. Re1 d6 6. d4 c6 7. a4 a5 8. b3 Qc7 9. Bb2 Nbd7 10. Nbd2 Be7 11. Bf1 0-0 12. Nc4 exd4 13. Qxd4 Nc5 14. e5 dxe5 15. Qxe5 Qxe5 1/2-1/2

[Event "TUR Cup"]
[Site "Antalya"]
[Date "2017.01.31"]
[Round "5"]
[White "Kansal, Evrim"]
[Black "Kul, Mahir Mete"]
[Result "1/2-1/2"]
[WhiteElo "1877"]
[BlackElo "1598"]
[PlyCount "65"]
[EventDate "2017.01.28"]
[EventType "swiss"]
[EventRounds "11"]
[EventCountry "TUR"]
[SourceTitle "CBM 176 Extra"]
[Source "ChessBase"]
[SourceDate "2017.03.02"]
[SourceVersion "1"]
[SourceVersionDate "2017.03.02"]
[SourceQuality "1"]

1. e4 c5 2. Nf3 e6 3. d4 cxd4 4. Nxd4 a6 5. Bd3 Qc7 6. 0-0 Nf6 7. Qe2 d6 8. c4 Be7 9. Nc3 b6 10. Be3 Bb7 11. Rac1 Nbd7 12. b4 Ne5 13. f4 Nxd3 14. Qxd3 Rc8 15. f5 e5 16. Nd5 Qb8 17. Nb3 Bxd5 18. cxd5 0-0 19. Qxa6 Nxe4 20. Rc6 Rxc6 21. dxc6 Rc8 22. Rc1 Bd8 23. Qb5 Bc7 24. a4 h6 25. Nd2 Nxd2 26. Bxd2 Rd8 27. Qd5 Qa7 28. Qb5 d5 29. f6 e4 30. Qe2 Rd6 31. fxg7 Qxa4 32. Qg4 Rxc6 33. Rf1 1/2-1/2

[Event "TUR Cup"]
[Site "Antalya"]
[Date "2017.01.31"]
[Round "6"]
[White "Kuyucuogullari, Cagakan"]
[Black "Kansal, Evrim"]
[Result "0-1"]
[WhiteElo "1512"]
[BlackElo "1877"]
[PlyCount "86"]
[EventDate "2017.01.28"]
[EventType "swiss"]
[EventRounds "11"]
[EventCountry "TUR"]
[SourceTitle "CBM 176 Extra"]
[Source "ChessBase"]
[SourceDate "2017.03.02"]
[SourceVersion "1"]
[SourceVersionDate "2017.03.02"]
[SourceQuality "1"]

1. d4 d5 2. c4 e6 3. Nf3 Nf6 4. Nc3 Nbd7 5. a3 c6 6. Bf4 dxc4 7. e4 b5 8. Be2 Bb7 9. 0-0 Be7 10. a4 a6 11. axb5 axb5 12. Rxa8 Qxa8 13. e5 Nd5 14. Nxd5 cxd5 15. h4 Qa2 16. Qc2 Nb6 17. Rb1 Kd7 18. h5 h6 19. Bd1 b4 20. g4 Bc6 21. Qc1 Ra8 22. g5 hxg5 23. Bxg5 Nc8 24. Bc2 f6 25. exf6 gxf6 26. Bf4 Qa5 27. Bg6 Qd8 28. Qe3 Nd6 29. Kh1 Qh8 30. Bxd6 Bxd6 31. Bf7 e5 32. dxe5 fxe5 33. Qg5 d4 34. Qf5+ Kc7 35. Kg2 Rf8 36. Qg6 Be7 37. Kg3 Be8 38. Ra1 Qf6 39. Ra7+ Kd6 40. Qe4 Qf4+ 41. Qxf4 exf4+ 42. Kg2 Bxf7 43. Nxd4 Bxh5 0-1

[Event "Nis op"]
[Site "Nis"]
[Date "2016.07.03"]
[Round "6"]
[White "Kansal, Evrim"]
[Black "Cheparinov, Nedelcho"]
[Result "1-0"]
[WhiteElo "1898"]
[BlackElo "2154"]
[PlyCount "49"]
[EventDate "2016.06.28"]
[EventType "swiss"]
[EventRounds "9"]
[EventCountry "YUG"]
[SourceTitle "CBM 173 Extra"]
[Source "ChessBase"]
[SourceDate "2016.08.29"]
[SourceVersion "1"]
[SourceVersionDate "2016.08.29"]
[SourceQuality "1"]

1. e4 c5 2. Nf3 Nc6 3. Bb5 g6 4. 0-0 Bg7 5. Bxc6 dxc6 6. d3 e5 7. h3 h6 8. Nc3 Qe7 9. Be3 Nf6 10. Qd2 Nd7 11. Nh2 Nf8 12. f4 exf4 13. Rxf4 Ne6 14. Rf2 Nd4 15. a3 Be6 16. Rb1 Rd8 17. Ne2 b6 18. b4 Nb5 19. Qc1 cxb4 20. axb4 g5 21. c4 Nd4 22. Nxd4 Rxd4 23. Qb2 Qd7 24. Nf3 0-0 25. Bxd4 1-0

[Event "Nis op"]
[Site "Nis"]
[Date "2016.06.30"]
[Round "3"]
[White "Benderac, Ana"]
[Black "Kansal, Evrim"]
[Result "1/2-1/2"]
[WhiteElo "2245"]
[BlackElo "1898"]
[PlyCount "62"]
[EventDate "2016.06.28"]
[EventType "swiss"]
[EventRounds "9"]
[EventCountry "YUG"]
[SourceTitle "CBM 173 Extra"]
[Source "ChessBase"]
[SourceDate "2016.08.29"]
[SourceVersion "1"]
[SourceVersionDate "2016.08.29"]
[SourceQuality "1"]

1. d4 d5 2. Nf3 Nf6 3. e3 Bf5 4. c4 e6 5. Qb3 Qc8 6. Nc3 c6 7. Nh4 Bg4 8. f3 Bh5 9. g4 Bg6 10. Nxg6 hxg6 11. g5 Nh5 12. cxd5 exd5 13. Rg1 Bd6 14. f4 Nd7 15. Bd2 Nb6 16. 0-0-0 Qc7 17. Kb1 0-0-0 18. Rc1 Qd7 19. Nb5 Kb8 20. Nxd6 Qxd6 21. Ba5 Rde8 22. Rc3 Nxf4 23. exf4 Re1+ 24. Rc1 Rxc1+ 25. Kxc1 Qxf4+ 26. Kb1 Qe4+ 27. Qd3 Rxh2 28. Qxe4 dxe4 29. Bxb6 axb6 30. Bc4 Rf2 31. Rg4 b5 1/2-1/2

[Event "Manavgat Turkey Cup"]
[Site "Manavgat"]
[Date "2015.02.07"]
[Round "11"]
[White "Kansal, Evrim"]
[Black "Ozates, Tuna"]
[Result "1-0"]
[WhiteElo "1872"]
[BlackElo "1910"]
[PlyCount "121"]
[EventDate "2015.01.31"]
[EventType "swiss"]
[EventRounds "11"]
[EventCountry "TUR"]
[SourceTitle "CBM 164 Extra"]
[Source "ChessBase"]
[SourceDate "2015.03.02"]
[SourceVersion "1"]
[SourceVersionDate "2015.03.02"]
[SourceQuality "1"]

1. d4 d5 2. Bf4 Nf6 3. e3 c5 4. dxc5 Nc6 5. Nf3 e6 6. c4 Bxc5 7. Nc3 0-0 8. Be2 h6 9. h3 Re8 10. Ne5 Bd6 11. Nxc6 bxc6 12. Bxd6 Qxd6 13. 0-0 e5 14. Qc2 Be6 15. Rfd1 Red8 16. Rd2 e4 17. Qa4 Qe5 18. Qxc6 Qg5 19. Nxd5 Nxd5 20. cxd5 Bxh3 21. Bf1 Rac8 22. Qb5 Rd6 23. Qb4 Qg6 24. Rd4 Re8 25. Rc1 Bf5 26. Qa4 Re7 27. Rc6 Red7 28. Rxd6 Rxd6 29. Qxa7 Bg4 30. Rxe4 Kh7 31. Qd4 h5 32. Rf4 Kg8 33. e4 Qg5 34. e5 Rxd5 35. Qxd5 Qxf4 36. Qd8+ Kh7 37. Qd3+ g6 38. Qe3 Qa4 39. a3 Be6 40. Qc3 Kg7 41. b4 g5 42. b5 g4 43. b6 Qe4 44. Qe3 Qb1 45. Qg5+ Kf8 46. Qd8+ Kg7 47. Qc7 Bd5 48. e6 g3 49. Qxf7+ Kh6 50. Qf6+ Kh7 51. Qe7+ Kh6 52. Qf8+ Kh7 53. Qe7+ Kh6 54. Qf6+ Kh7 55. Qd4 gxf2+ 56. Qxf2 Bxe6 57. Qe3 Bc4 58. Qe7+ Kh8 59. Qd8+ Bg8 60. Qd4+ Kh7 61. Qd3+ 1-0

[Event "Manavgat Turkey Cup"]
[Site "Manavgat"]
[Date "2015.02.03"]
[Round "5"]
[White "Aliyev, Samil"]
[Black "Kansal, Evrim"]
[Result "1-0"]
[WhiteElo "1519"]
[BlackElo "1872"]
[PlyCount "69"]
[EventDate "2015.01.31"]
[EventType "swiss"]
[EventRounds "11"]
[EventCountry "TUR"]
[SourceTitle "CBM 164 Extra"]
[Source "ChessBase"]
[SourceDate "2015.03.02"]
[SourceVersion "1"]
[SourceVersionDate "2015.03.02"]
[SourceQuality "1"]

1. e4 c5 2. Nf3 Nc6 3. d3 g6 4. g3 Bg7 5. Bg2 d6 6. 0-0 e6 7. Nbd2 Nge7 8. Re1 0-0 9. a4 a6 10. Qe2 Rb8 11. c3 b5 12. Nf1 b4 13. Bd2 h6 14. h4 a5 15. d4 cxd4 16. cxd4 d5 17. e5 Qb6 18. Be3 Ba6 19. Qd2 Nf5 20. N1h2 Rfc8 21. Ng4 Kh7 22. Bh3 Nxe3 23. fxe3 Rb7 24. h5 Ne7 25. hxg6+ fxg6 26. e4 dxe4 27. Rxe4 Nf5 28. Nf6+ Bxf6 29. exf6 Qc6 30. Rae1 Qd6 31. g4 Bc4 32. gxf5 exf5 33. Rh4 Qg3+ 34. Bg2 Bd5 35. Qxh6+ 1-0

[Event "Kemer Turkey Cup"]
[Site "Kemer"]
[Date "2014.02.06"]
[Round "7"]
[White "Sevgi, Volkan"]
[Black "Kansal, Evrim"]
[Result "1-0"]
[WhiteElo "2017"]
[BlackElo "1879"]
[PlyCount "27"]
[EventDate "2014.02.01"]
[EventType "swiss"]
[EventRounds "9"]
[EventCountry "TUR"]
[SourceTitle "CBM 158 Extra"]
[Source "ChessBase"]
[SourceDate "2014.02.28"]
[SourceVersion "1"]
[SourceVersionDate "2014.02.28"]
[SourceQuality "1"]

1. e4 c5 2. c3 d5 3. exd5 Qxd5 4. d4 g6 5. Nf3 Bg7 6. Be3 cxd4 7. cxd4 Nh6 8. Qc1 Bf5 9. Nc3 Qe6 10. d5 Bxc3+ 11. Qxc3 Qf6 12. Bb5+ Nd7 13. Qxf6 exf6 14. Bxh6 1-0

[Event "Kemer Turkey Cup"]
[Site "Kemer"]
[Date "2014.02.02"]
[Round "2"]
[White "Kansal, Evrim"]
[Black "Demircioglu, Emre"]
[Result "1/2-1/2"]
[WhiteElo "1879"]
[BlackElo "2130"]
[PlyCount "83"]
[EventDate "2014.02.01"]
[EventType "swiss"]
[EventRounds "9"]
[EventCountry "TUR"]
[SourceTitle "CBM 158 Extra"]
[Source "ChessBase"]
[SourceDate "2014.02.28"]
[SourceVersion "1"]
[SourceVersionDate "2014.02.28"]
[SourceQuality "1"]

1. e4 e5 2. Nf3 Nc6 3. d4 exd4 4. Nxd4 Bb4+ 5. c3 Bc5 6. Be3 Bb6 7. Bc4 Nf6 8. Nd2 0-0 9. 0-0 d5 10. exd5 Nxd4 11. Bxd4 Bxd4 12. cxd4 Nxd5 13. Ne4 c6 14. Nc3 Be6 15. Qb3 Nxc3 16. bxc3 Bxc4 17. Qxc4 Qd7 18. Rfe1 Rfe8 19. a4 b6 20. h3 Re7 21. Rxe7 Qxe7 22. Qxc6 Qd8 23. Re1 Rc8 24. Qb5 g6 25. d5 Kg7 26. c4 Qf6 27. Re8 Rc5 28. Qb3 Qa1+ 29. Kh2 Qd4 30. Qg3 Rxc4 31. d6 Rc3 32. Re3 Rxe3 33. fxe3 Qd5 34. Qf4 g5 35. Qg3 h6 36. e4 Qd4 37. e5 Kf8 38. Qe1 Ke8 39. g3 Qxa4 40. Qc3 Qd7 41. Qe1 Qa4 42. Qc3 1/2-1/2